LEADER 01255nam a2200265 i 4500 001 991001773129707536 008 060718s1996 be eng d 020 $a9068318195 035 $ab13425055-39ule_inst 040 $aDip.to Filologia Class. e Scienze Filosofiche$bita 082 $a189 100 1 $aDunne, Michael$0181850 245 00$aMagistri Petri de Ybernia Expositio et Questiones in librum Aristotelis Peryermenias seu de interpretatione (ex cod. Vaticano latino 5988) ; Determinatio Magistralis (ex cod. Ampl. F 335) /$cedited by Michael Dunne ; Clemens Baeumker 260 $aParis :$bPeeters,$c1996 300 $aXVII, 257 p. ;$c24 cm 500 $aTesto latino 600 14$aAristotele 700 0 $aPetrus :$cde Hibernia 700 1 $aBaeumker, Clemens 907 $a.b13425055$b21-09-06$c18-07-06 912 $a991001773129707536 945 $aLE007 189 DUN 02.01$g1$i2007000107645$lle007$op$pE0.00$q-$rl$s- $t0$u0$v0$w0$x0$y.i14270675$z18-07-06 996 $aMagistri Petri de Ybernia Expositio et Questiones in librum Aristotelis Peryermenias seu de interpretatione (ex cod. Vaticano latino 5988) ; Determinatio Magistralis (ex cod. Ampl. F 335$91097423 997 $aUNISALENTO 998 $ale007$b18-07-06$cm$da $e-$feng$gbe $h0$i0 LEADER 00939nam a2200253 a 4500 001 991003898139707536 008 020 $a9781489999115 (pbk) 020 $a9781441983473 (hbk) 035 $ab14405611-39ule_inst 040 $aDip.to di Storia, Società e Studi sull'Uomo$bita 082 04$a305.26 082 04$a362.6 245 00$aTechnologies for active aging /$cAndrew Sixsmith, Gloria Gutman Editors 260 $aNew York :$bSpringer,$c2013 300 $aXI, 228 p. ;$c24 cm 490 1 $aInternational perspectives on aging ;$v9 650 4$aAnziani$xTecnologie 907 $a.b14405611$b23-11-20$c03-11-20 912 $a991003898139707536 945 $aLE023 305.26 TEC 1 1$g1$i2023000204702$lle023$op$pE117.69$q-$rl$s- $t0$u0$v0$w0$x0$y.i15942041$z20-11-20 996 $aTechnologies for active aging$91769555 997 $aUNISALENTO 998 $ale023$b03-11-20$cm$da $e-$feng$gus $h0$i0 LEADER 01002nam a22002531i 4500 001 991000248579707536 005 20040801175156.0 008 040920s1992 it ita 035 $ab13195608-39ule_inst 035 $aARCHE-114184$9ExL 040 $aSet. Economia$bita$cA.t.i. Arché s.c.r.l. Pandora Sicilia s.r.l. 082 04$a657 100 1 $aSalmi, Enrico$0117892 245 10$aElementi di pratica commerciale :$bad uso di istituti e scuole per le arti ausiliari delle professioni sanitarie /$cEnrico Salmi 250 $a2. ed. riveduta e aggiornata 260 $aBologna :$bClueb,$c1992 300 $a179 p. ;$c24 cm 650 4$aCommercio 907 $a.b13195608$b13-03-19$c23-09-04 912 $a991000248579707536 945 $aLE025 ECO 657 SAL02.02$g1$i2025000178229$lle025$nCatalogato 2019$o-$pE0.00$q-$rl$s- $t0$u0$v0$w0$x0$y.i13849438$z23-09-04 996 $aElementi di pratica commerciale$91103572 997 $aUNISALENTO 998 $ale025$b23-09-04$cm$da $e-$fita$git $h0$i1 LEADER 01781nam1 2200421 i 450 001 CFI0125865 005 20251003044123.0 100 $a20090616g1975 ||||0itac50 ba 101 | $aita 102 $ait 181 1$6z01$ai $bxxxe 182 1$6z01$an 183 1$6z01$anc$2RDAcarrier 200 1 $aIntroduzione alle scienze giuridiche$fAngelo Falzea 210 $aMilano$cGiuffrè 215 $a v.$d23 cm. 327 $aParte prima: Il concetto del diritto. 463 1$1001CFI0125866$12001 $a1$eˆIl ‰concetto del diritto$fAngelo Falzea$v1 463 1$1001CFI0212662$12001 $aˆ1: Il ‰concetto del diritto$fAngelo Falzea$v1 463 1$1001PUV1112750$12001 $aˆ1: Il ‰concetto del diritto$fAngelo Falzea$v1 463 1$1001RER0024595$12001 $aˆ1: Il ‰concetto del diritto$fAngelo Falzea$v1 463 1$1001RMG0022662$12001 $aˆ1: Il ‰concetto del diritto$fAngelo Falzea$v1 463 1$1001SBL0559186$12001 $aˆ1: Il ‰concetto del diritto$fAngelo Falzea$v1 463 1$1001VIA0162927$12001 $aˆ1: Il ‰concetto del diritto$fAngelo Falzea$v1 676 $a340$9DIRITTO$v21 676 $a340.1$9DIRITTO. FILOSOFIA E TEORIA$v21 676 $a340.11$9DIRITTO. ARGOMENTI SPECIALI$v21 700 1$aFalzea$b, Angelo$3CFIV022612$4070$0228844 801 3$aIT$bIT-000000$c20090616 850 $aIT-BN0095 $aIT-NA0298 901 $bNAP 01$cD $n$ 901 $bNAP GC$cMEDIATECA1$n$ 912 $aCFI0125865 950 1$aBiblioteca Centralizzata di Ateneo$c1 v.$d 01D (AR) 10 940$bv. 1$cv. 1$d 01D (AR) 21 852$d 01D (C) 21 167 967 $m7 977 $a 01$a GC 996 $aIntroduzione alle scienze giuridiche$9576825 997 $aUNISANNIO